Quizlendrier de l'Avent #02 - Préjugés sur le Père Noël - Statistiques

Statistiques générales
  • Ce quiz a été pris 597 fois
  • Le résultat moyen est 10 sur 10
Statistiques - réponses
Indices Réponses % Correct
Le Père Noël porterait des vêtements de cette couleur. Rouge
100%
Le Père Noël se déplacerait avec un ... Traineau
99%
Le Père Noël en arborerait une longue et blanche. Barbe
98%
Le Père Noël s'introduiraient dans les maisons par leur ... Cheminée
98%
...tiré par des ... Rennes
98%
Des ... épauleraient le Père Noël dans la préparation des cadeaux. Lutins
96%
Le Père Noël vivrait au ... Pôle Nord
96%
...avec la ... Mère Noël
95%
Le Père Noël transporterait les cadeaux des enfants dans une ... Hotte
93%
Le Père Noël ponctuerait chacune de ses phrases de ... "Ho ho ho!"
89%
Aucun quiz correspondant
Distribution des résultats
% des personnes avec chaque résultat
Percentile par nombre de réponses
Votre historique - résultats
Vous n’avez pas pris ce quiz